000 00277nam a22001337a 4500
008 170301b xxu||||| |||| 00| 0 eng d
020 _a9780721683386
041 _aeng
080 _a61
100 _a6
101 _aSHM
245 _aEPIDEMIOLOGY
_cGORDIS.L
942 _2udc
_cBK
999 _c6528
_d6528